[Event "22. Copenhagen Open  (Politiken Cup)"]
[Site "Copenhagen"]
[Date "2000.07.17"]
[Round "1"]
[White "Hansen, Ib Lyns"]
[Black "Jorgensen, Brian"]
[Result "1/2-1/2"]
[WhiteElo "1769"]
[BlackElo "2227"]
[PlyCount "154"]
[EventDate "2000.07.17"]
[EventType "swiss"]
[EventRounds "11"]
[EventCountry "DEN"]
[SourceDate "2004.01.01"]

1. d4 d5 2. g3 Nf6 3. Bg2 c5 4. c3 cxd4 5. cxd4 Nc6 6. Nf3 e6 7. O-O Be7 8. Nc3
O-O 9. Bf4 Bd7 10. Rc1 Rc8 11. Qd3 a6 12. a3 Na5 13. Ne5 Be8 14. Rfd1 b5 15. b4
Nc4 16. Nxc4 bxc4 17. Qc2 a5 18. Rb1 axb4 19. axb4 Qb6 20. e4 dxe4 21. Nxe4 Nd5
22. Ng5 Bxg5 23. Bxg5 Bc6 24. Rdc1 c3 25. Bxd5 Bxd5 26. Be7 Rfe8 27. Bc5 Qb5
28. Qxc3 Bb7 29. Rb2 Qc6 30. f3 Ra8 31. b5 Qd5 32. Rf1 Ra4 33. Re2 Rc4 34. Qe1
e5 35. Qf2 f5 36. Rfe1 e4 37. fxe4 fxe4 38. Re3 h6 39. Rf1 Ra4 40. Qf5 Ra2 41.
Qxd5+ Bxd5 42. Rf2 Ra1+ 43. Rf1 Rxf1+ 44. Kxf1 Bc4+ 45. Kf2 Bxb5 46. Rb3 Ba4
47. Rb4 e3+ 48. Ke2 Bd7 49. d5 Re5 50. Bxe3 Rxd5 51. h4 Kh7 52. Bf4 Kg6 53. Ke3
Ra5 54. Rd4 Bf5 55. Bd6 Rb5 56. Bb4 Kf6 57. Kf4 Be6 58. Ke3 Bd5 59. Bc3 Kf7 60.
Rb4 Rc5 61. Rf4+ Kg8 62. Kd4 Rc4+ 63. Kxd5 Rxc3 64. g4 g6 65. Ke5 Kg7 66. Rd4
Re3+ 67. Kf4 Rh3 68. Rd7+ Kf8 69. Ke5 Rxh4 70. Kf6 Ke8 71. Re7+ Kd8 72. Rg7
Rxg4 73. Rxg6 h5 74. Rh6 h4 75. Kf5 Rb4 76. Kg5 Ra4 77. Rxh4 Rxh4 1/2-1/2

[Event "22. Copenhagen Open  (Politiken Cup)"]
[Site "Copenhagen"]
[Date "2000.07.17"]
[Round "1"]
[White "Hansen, Morten Lyck"]
[Black "Lund, Silas"]
[Result "0-1"]
[WhiteElo "1812"]
[BlackElo "2261"]
[PlyCount "88"]
[EventDate "2000.07.17"]
[EventType "swiss"]
[EventRounds "11"]
[EventCountry "DEN"]
[SourceDate "2004.01.01"]

1. e4 Nf6 2. e5 Nd5 3. d4 d6 4. Nf3 Bg4 5. c4 Nb6 6. exd6 cxd6 7. Be2 Nc6 8. d5
Bxf3 9. Bxf3 Ne5 10. Be2 g6 11. Be3 Bg7 12. Bd4 O-O 13. O-O Rc8 14. b3 f5 15.
f4 Ned7 16. Bxg7 Kxg7 17. Nc3 Nf6 18. Bf3 Nbd7 19. Kh1 a5 20. Nb5 Nc5 21. Nd4
Qd7 22. Re1 Rfe8 23. Ne6+ Nxe6 24. Rxe6 b5 25. Qd4 bxc4 26. bxc4 Kf7 27. Rae1
Rc7 28. Rc1 Qa4 29. Re2 Rb8 30. Qe3 Qd7 31. Qc3 Qa4 32. Qe3 Qb4 33. Qe6+ Kg7
34. Qe3 Rbb7 35. Rec2 Qc5 36. Qd3 Rb4 37. Qe2 a4 38. Qd3 Kf7 39. Qe2 Rcb7 40.
Re1 Rc7 41. Rec1 Rcb7 42. Re1 Rb1 43. Qd2 Qd4 44. Qe2 Qa1 0-1

[Event "22. Copenhagen Open  (Politiken Cup)"]
[Site "Copenhagen"]
[Date "2000.07.17"]
[Round "1"]
[White "Heinola, Vesa"]
[Black "Moller, Arne"]
[Result "1-0"]
[WhiteElo "2227"]
[BlackElo "2026"]
[PlyCount "50"]
[EventDate "2000.07.17"]
[EventType "swiss"]
[EventRounds "11"]
[EventCountry "DEN"]
[SourceDate "2004.01.01"]

1. d4 Nf6 2. c4 e6 3. Nc3 Bb4 4. f3 Bxc3+ 5. bxc3 d5 6. cxd5 exd5 7. e3 O-O 8.
Bd3 Re8 9. Ne2 b6 10. O-O Nbd7 11. Ng3 Bb7 12. a3 Rc8 13. Ra2 c5 14. Raf2 Rc6
15. e4 c4 16. Bc2 h6 17. e5 Nh7 18. f4 b5 19. Qg4 Kh8 20. f5 Bc8 21. Qh5 Rf8
22. f6 Qb6 23. fxg7+ Kxg7 24. Rxf7+ Rxf7 25. Qxf7+ Kh8 1-0

[Event "22. Copenhagen Open  (Politiken Cup)"]
[Site "Copenhagen"]
[Date "2000.07.17"]
[Round "1"]
[White "Hillarp Persson, Tiger"]
[Black "Nielsen, Simon Saito"]
[Result "1-0"]
[WhiteElo "2549"]
[BlackElo "2138"]
[PlyCount "81"]
[EventDate "2000.07.17"]
[EventType "swiss"]
[EventRounds "11"]
[EventCountry "DEN"]
[SourceDate "2004.01.01"]

1. d4 Nf6 2. c4 g6 3. Nc3 Bg7 4. e4 d6 5. Be2 O-O 6. Nf3 e5 7. O-O Nc6 8. d5
Ne7 9. Bg5 Ne8 10. Nd2 f5 11. f3 f4 12. Bh4 h5 13. Kh1 Bf6 14. Bf2 g5 15. c5
Ng6 16. cxd6 cxd6 17. a4 Bd7 18. Nc4 Rf7 19. Nb5 Bxb5 20. axb5 b6 21. Na3 Rb8
22. Nc2 Qd7 23. Nb4 Rb7 24. Ra3 Ne7 25. Nc6 Nc8 26. g3 h4 27. gxh4 gxh4 28.
Rg1+ Rg7 29. Rxg7+ Qxg7 30. Qf1 Qd7 31. Qg2+ Kh7 32. Bf1 Ne7 33. Qh3 Qxh3 34.
Bxh3 Nxc6 35. bxc6 Rc7 36. Bd7 Ng7 37. Kg2 Kh6 38. Kh3 Kh5 39. Ra1 Kh6 40. Rg1
Bg5 {#} 41. Rxg5 1-0

[Event "22. Copenhagen Open  (Politiken Cup)"]
[Site "Copenhagen"]
[Date "2000.07.17"]
[Round "1"]
[White "Hoi, Carsten"]
[Black "Malvild, Robert"]
[Result "1-0"]
[WhiteElo "2408"]
[BlackElo "2029"]
[PlyCount "65"]
[EventDate "2000.07.17"]
[EventType "swiss"]
[EventRounds "11"]
[EventCountry "DEN"]
[SourceDate "2004.01.01"]

1. d4 Nf6 2. Nf3 g6 3. c4 Bg7 4. Nc3 O-O 5. e4 d6 6. h3 e5 7. d5 a5 8. Bg5 h6
9. Be3 Nh5 10. Nh2 Na6 11. Qd2 g5 12. h4 g4 13. g3 Qf6 14. Bd3 Nc5 15. Bc2 Qg6
16. O-O Bd7 17. Bxc5 dxc5 18. Rfe1 f5 19. exf5 Bxf5 20. Bxf5 Rxf5 21. Ne4 b6
22. Qe2 Raf8 23. Qxg4 Qf7 24. d6 Kh8 25. Rad1 Qd7 26. Nf1 Nf4 27. dxc7 Qxc7 28.
gxf4 Rxf4 29. Qd7 Qb8 30. Nfg3 Rg8 31. Qe7 Qa8 32. Rd7 Rxe4 33. Rxe4 1-0

[Event "22. Copenhagen Open  (Politiken Cup)"]
[Site "Copenhagen"]
[Date "2000.07.17"]
[Round "1"]
[White "Hovmoller, Kristian"]
[Black "Rosenberg, Jan"]
[Result "1-0"]
[WhiteElo "2170"]
[BlackElo "1625"]
[PlyCount "91"]
[EventDate "2000.07.17"]
[EventType "swiss"]
[EventRounds "11"]
[EventCountry "DEN"]
[SourceDate "2004.01.01"]

1. d4 Nf6 2. c4 c5 3. d5 b5 4. cxb5 a6 5. b6 Qxb6 6. Nc3 d6 7. Nf3 Bb7 8. e4
Nbd7 9. Be2 g6 10. O-O Bg7 11. Nd2 O-O 12. a4 Rab8 13. a5 Qc7 14. Nc4 h5 15.
Qc2 Ng4 16. h3 Nge5 17. Ne3 c4 18. f4 Nd3 19. Bxd3 cxd3 20. Qxd3 Nc5 21. Qc2
Bc8 22. Ra3 Bd7 23. e5 Rb4 24. Na2 Rb5 25. b4 Rc8 26. Rc3 dxe5 27. fxe5 Bxe5
28. Rxc5 Rxc5 29. Qxc5 Qxc5 30. bxc5 Rxc5 31. Rd1 Ba4 32. Rd3 Bb5 33. Ba3 Rc7
34. Rd1 Bf4 35. Re1 Bg3 36. Rc1 Rb7 37. Bb2 Bd7 38. Bd4 Bf4 39. Kf2 f6 40. Bb6
Bxe3+ 41. Kxe3 Bb5 42. Nb4 Kf7 43. Ke4 Rd7 44. Nc6 e6 45. Nd8+ Ke7 46. Nxe6 1-0

[Event "22. Copenhagen Open  (Politiken Cup)"]
[Site "Copenhagen"]
[Date "2000.07.17"]
[Round "1"]
[White "Hvenekilde, Jorgen"]
[Black "Nielsen, Thomas"]
[Result "1-0"]
[WhiteElo "2260"]
[BlackElo "1809"]
[PlyCount "89"]
[EventDate "2000.07.17"]
[EventType "swiss"]
[EventRounds "11"]
[EventCountry "DEN"]
[SourceDate "2004.01.01"]

1. d4 Nf6 2. c4 e6 3. Nc3 Bb4 4. Bd2 O-O 5. a3 Bxc3 6. Bxc3 d5 7. e3 Nbd7 8.
Qc2 Re8 9. Rd1 c6 10. Nf3 Qc7 11. cxd5 exd5 12. Bd3 Nf8 13. Ne5 Ng4 14. h3 Nxe3
15. fxe3 f6 16. Nf3 Qg3+ 17. Qf2 Rxe3+ 18. Be2 Qxf2+ 19. Kxf2 Re8 20. Bd3 Ng6
21. Rde1 Ne7 22. Bb4 Bf5 23. Rxe7 Bxd3 24. Rhe1 Rxe7 25. Rxe7 b6 26. Rc7 a5 27.
Bc3 Bb5 28. Rb7 Re8 29. Ng1 a4 30. Rxb6 Kf7 31. Rb7+ Kg6 32. Bb4 Re4 33. Bc5
Ba6 34. Re7 h5 35. Nf3 Rxe7 36. Bxe7 Kf5 37. Nd2 Bb5 38. Bc5 Bd3 39. b3 Bc2 40.
bxa4 Bxa4 41. Nb1 g5 42. Nc3 Bb5 43. a4 Bc4 44. a5 Ke6 45. Na2 1-0

[Event "22. Copenhagen Open  (Politiken Cup)"]
[Site "Copenhagen"]
[Date "2000.07.17"]
[Round "1"]
[White "Jensen, Dan Bronnum"]
[Black "Petersen, Lars"]
[Result "0-1"]
[WhiteElo "1438"]
[BlackElo "2097"]
[PlyCount "74"]
[EventDate "2000.07.17"]
[EventType "swiss"]
[EventRounds "11"]
[EventCountry "DEN"]
[SourceDate "2004.01.01"]

1. c4 c5 2. Nc3 Nf6 3. Nf3 g6 4. g3 Bg7 5. Bg2 O-O 6. O-O d5 7. cxd5 Nxd5 8.
Nxd5 Qxd5 9. d3 Nc6 10. a3 a5 11. Nd2 Qd7 12. Rb1 Rb8 13. Ne4 b6 14. Bf4 e5 15.
Bd2 Nd4 16. Re1 a4 17. Bc3 Bb7 18. Bxd4 exd4 19. f3 f5 20. Nd2 Bh6 21. f4 g5
22. Bxb7 Rxb7 23. fxg5 Bxg5 24. Nf3 Be3+ 25. Kh1 f4 26. Kg2 Kh8 27. Rh1 Rg8 28.
Qe1 Qd5 29. Kh3 Rbg7 30. Kg2 fxg3 31. hxg3 Qd6 32. Rh3 Bf4 33. Qh1 Bxg3 34. Ng5
Qd5+ 35. Nf3 Bf4+ 36. Kf1 Be3 37. Ng5 Qxh1+ 0-1

[Event "22. Copenhagen Open  (Politiken Cup)"]
[Site "Copenhagen"]
[Date "2000.07.17"]
[Round "1"]
[White "Jessen, Simon Pind"]
[Black "Schonberg, Pauli"]
[Result "1-0"]
[WhiteElo "2126"]
[BlackElo "1504"]
[PlyCount "85"]
[EventDate "2000.07.17"]
[EventType "swiss"]
[EventRounds "11"]
[EventCountry "DEN"]
[SourceDate "2004.01.01"]

1. d4 b6 2. c4 Bb7 3. Nc3 e6 4. e3 Nf6 5. a3 Nc6 6. Nf3 h6 7. Bd3 d5 8. O-O a6
9. Re1 dxc4 10. Bxc4 Na5 11. Bd3 Bd6 12. e4 Nd7 13. d5 Nc5 14. Bc2 Nc4 15. e5
Nxe5 16. Nxe5 Qh4 17. g3 Qh3 18. Qg4 Qxg4 19. Nxg4 f5 20. Bxf5 O-O 21. Bxe6+
Nxe6 22. dxe6 Rae8 23. Bd2 h5 24. Ne3 Rxe6 25. Ned5 Rxe1+ 26. Rxe1 Bc5 27. Be3
Bd6 28. Bf4 Bc5 29. Re2 c6 30. Nc7 Bc8 31. Ne6 Bxe6 32. Rxe6 h4 33. Kg2 Rf5 34.
Rxc6 Kh7 35. Ne4 hxg3 36. hxg3 Bd4 37. Ng5+ Rxg5 38. Bxg5 Bxb2 39. Rxb6 Bxa3
40. Rxa6 Bb2 41. Rc6 Bd4 42. Bd2 Bf6 43. Bc3 1-0

[Event "22. Copenhagen Open  (Politiken Cup)"]
[Site "Copenhagen"]
[Date "2000.07.17"]
[Round "1"]
[White "Jorgensen, Arne Bjorn"]
[Black "Adamski, Jan"]
[Result "0-1"]
[WhiteElo "2006"]
[BlackElo "2381"]
[PlyCount "130"]
[EventDate "2000.07.17"]
[EventType "swiss"]
[EventRounds "11"]
[EventCountry "DEN"]
[SourceDate "2004.01.01"]

1. d4 Nf6 2. c4 e6 3. Nf3 b6 4. g3 Ba6 5. b3 Bb4+ 6. Bd2 Be7 7. Bc3 O-O 8. Bg2
d5 9. Ne5 c6 10. O-O Nfd7 11. Nxd7 Nxd7 12. Nd2 Nf6 13. Re1 c5 14. e4 dxc4 15.
Nxc4 cxd4 16. Bxd4 Bxc4 17. bxc4 Rc8 18. Rc1 Qc7 19. Qa4 Rfd8 20. Red1 Nd7 21.
Be3 Bc5 22. Bxc5 Nxc5 23. Qc2 Rxd1+ 24. Rxd1 Rd8 25. f4 f6 26. Rd2 Kf7 27. Kf2
e5 28. fxe5 Rxd2+ 29. Qxd2 Qxe5 30. Qd5+ Ke7 31. Qxe5+ fxe5 32. Ke3 Kd6 33. Bh3
Na6 34. Kd2 Kc5 35. Kc3 Nb4 36. a4 Nc6 37. Be6 Nd4 38. Bd5 h6 39. Bf7 Nf3 40.
h4 Nd4 41. g4 g5 42. hxg5 hxg5 43. Be8 Nc6 44. Bf7 Nb8 45. Be6 Kd6 46. Bf5 Na6
47. Bg6 Nc5 48. Kb4 Kc6 49. Be8+ Kb7 50. Bg6 Nd3+ 51. Kc3 Nc5 52. Kb4 a5+ 53.
Ka3 Kc7 54. Bh7 Kd6 55. Bf5 Ke7 56. Bg6 Kf6 57. Bh7 Kf7 58. Bf5 Kg7 59. Kb2
Nxa4+ 60. Kb3 Nc5+ 61. Kc3 Kf6 62. Bh7 Ke7 63. Bf5 Kd6 64. Bg6 Nd7 65. Bf7 Nf6
{0-1 Jorgensen,A-Adamski,J/ 2000} 0-1

[Event "22. Copenhagen Open  (Politiken Cup)"]
[Site "Copenhagen"]
[Date "2000.07.17"]
[Round "1"]
[White "Jorgensen, Morten S"]
[Black "Hoff, Terje"]
[Result "0-1"]
[WhiteElo "1223"]
[BlackElo "2051"]
[PlyCount "64"]
[EventDate "2000.07.17"]
[EventType "swiss"]
[EventRounds "11"]
[EventCountry "DEN"]
[SourceDate "2004.01.01"]

1. e4 g6 2. d4 Bg7 3. Nf3 d6 4. h3 Nc6 5. Be3 Bd7 6. Nbd2 Nf6 7. c3 O-O 8. Bd3
e5 9. d5 Ne7 10. O-O Nh5 11. Be2 Nf4 12. Bc4 h6 13. h4 c6 14. dxc6 bxc6 15. g3
Nh5 16. Bb3 d5 17. Qc2 f5 18. exf5 gxf5 19. Bc5 f4 20. Bxe7 Qxe7 21. Qg6 Be8
22. Qg4 Kh8 23. Ba4 Qf7 24. Qh3 Rg8 25. Bb3 Bd7 26. Qh2 Qf5 27. Kh1 Bf6 28. Rg1
e4 29. Ne1 Be5 30. Nf1 Rg7 31. Bd1 Rag8 32. Bxh5 Qxh5 0-1

[Event "22. Copenhagen Open  (Politiken Cup)"]
[Site "Copenhagen"]
[Date "2000.07.17"]
[Round "1"]
[White "Karlstrom, Henrik"]
[Black "Nilsson, Lars Kjoller"]
[Result "0-1"]
[WhiteElo "1296"]
[BlackElo "2061"]
[PlyCount "66"]
[EventDate "2000.07.17"]
[EventType "swiss"]
[EventRounds "11"]
[EventCountry "DEN"]
[SourceDate "2004.01.01"]

1. e4 c5 2. Nf3 Nc6 3. d4 cxd4 4. Nxd4 e5 5. Nb3 Nf6 6. Bd3 d5 7. exd5 Nxd5 8.
O-O Be6 9. a3 Be7 10. N1d2 O-O 11. Ne4 b6 12. Bb5 Qc7 13. Qe2 h6 14. Bd2 f5 15.
Nc3 Bf6 16. Nxd5 Bxd5 17. Bc4 Ne7 18. Bxd5+ Nxd5 19. Qd3 Ne7 20. Rac1 e4 21.
Qe2 Bxb2 22. Rb1 Be5 23. g3 Rac8 24. Rfc1 Rfd8 25. Bb4 Ng6 26. Qh5 Qf7 27. f4
exf3 28. Qxf3 f4 29. Kg2 a5 30. Be1 a4 31. Nd2 Rc3 32. Qe4 fxg3 33. hxg3 {[#]}
Rxd2+ 0-1

[Event "22. Copenhagen Open  (Politiken Cup)"]
[Site "Copenhagen"]
[Date "2000.07.17"]
[Round "1"]
[White "Kokholm, Daniel"]
[Black "Schultz Pedersen, Jesper"]
[Result "1/2-1/2"]
[WhiteElo "1732"]
[BlackElo "2215"]
[PlyCount "37"]
[EventDate "2000.07.17"]
[EventType "swiss"]
[EventRounds "11"]
[EventCountry "DEN"]
[SourceDate "2004.01.01"]

1. d4 d5 2. e4 Nc6 3. Be3 dxe4 4. Nc3 Nf6 5. f3 e6 6. fxe4 Bb4 7. Qd3 Bd7 8.
Nf3 Qe7 9. Be2 Ba5 10. a3 Rd8 11. h3 e5 12. d5 Nb8 13. O-O Bb6 14. Bxb6 axb6
15. b4 $11 O-O 16. Qe3 Nh5 17. Qg5 Qxg5 18. Nxg5 Nf4 19. Bc4 $11 1/2-1/2

[Event "22. Copenhagen Open  (Politiken Cup)"]
[Site "Copenhagen"]
[Date "2000.07.17"]
[Round "1"]
[White "Kragh, Niels Kristian"]
[Black "Brinck Claussen, Bjorn"]
[Result "0-1"]
[WhiteElo "1966"]
[BlackElo "2359"]
[PlyCount "90"]
[EventDate "2000.07.17"]
[EventType "swiss"]
[EventRounds "11"]
[EventCountry "DEN"]
[SourceDate "2004.01.01"]

1. e4 e6 2. d4 d5 3. e5 c5 4. c3 Nc6 5. Nf3 Bd7 6. Be2 Nge7 7. Na3 cxd4 8. cxd4
Nf5 9. Nc2 Nb4 10. Nxb4 Bxb4+ 11. Bd2 Qb6 12. Bxb4 Qxb4+ 13. Qd2 Qb6 14. O-O
O-O 15. Rac1 f6 16. Rc5 Rac8 17. b4 Rxc5 18. bxc5 Qc7 19. exf6 gxf6 20. Bd3 Ne7
21. Re1 Rf7 22. g3 Kg7 23. Bf1 Ng8 24. Bg2 Re7 25. Nh4 Re8 26. f4 b6 27. Rc1
bxc5 28. dxc5 Bc6 29. Nf3 e5 30. fxe5 fxe5 31. Nh4 d4 32. Qg5+ Kh8 33. Bxc6
Qxc6 34. Nf5 Qg6 35. Qxg6 hxg6 36. Nd6 Re6 37. Nf7+ Kg7 38. Nd8 Re8 39. Nb7 e4
40. c6 d3 41. c7 d2 42. Rd1 e3 43. Nd6 Rf8 44. c8=Q Rxc8 45. Nxc8 e2 0-1

[Event "22. Copenhagen Open  (Politiken Cup)"]
[Site "Copenhagen"]
[Date "2000.07.17"]
[Round "1"]
[White "Lardot, Derik"]
[Black "Golod, Vitali"]
[Result "0-1"]
[WhiteElo "2019"]
[BlackElo "2590"]
[PlyCount "86"]
[EventDate "2000.07.17"]
[EventType "swiss"]
[EventRounds "11"]
[EventCountry "DEN"]
[SourceDate "2004.01.01"]

1. e4 c5 2. c3 Nf6 3. e5 Nd5 4. d4 cxd4 5. cxd4 d6 6. Nf3 Nc6 7. Nc3 dxe5 8.
Nxe5 Nxc3 9. Nxc6 Nxd1 10. Nxd8 Kxd8 11. Kxd1 Be6 12. Bd3 Bd5 13. f3 Rc8 14.
Ke2 e6 15. Bf4 Bb4 16. Rhc1 Kd7 17. a3 Ba5 18. Rxc8 Rxc8 19. Rc1 Rxc1 20. Bxc1
h6 21. Bb5+ Bc6 22. Bc4 b5 23. Ba2 g5 24. g4 Kd6 25. f4 f6 26. fxg5 hxg5 27.
Be3 Bd5 28. Bb1 Bb6 29. Bf2 Kc6 30. Bg6 Bc4+ 31. Kf3 a5 32. Be3 Bc7 33. Bg1
Bd5+ 34. Ke2 Bf4 35. Kd3 Bc4+ 36. Kc3 Kd5 37. b3 Be2 38. Bd3 b4+ 39. axb4 axb4+
40. Kc2 Bxg4 41. Ba6 Bf5+ 42. Bd3 Bxd3+ 43. Kxd3 g4 0-1

[Event "22. Copenhagen Open  (Politiken Cup)"]
[Site "Copenhagen"]
[Date "2000.07.17"]
[Round "1"]
[White "Laustsen, Lars"]
[Black "El Kher, Henrik"]
[Result "1/2-1/2"]
[WhiteElo "1974"]
[BlackElo "2374"]
[PlyCount "74"]
[EventDate "2000.07.17"]
[EventType "swiss"]
[EventRounds "11"]
[EventCountry "DEN"]
[SourceDate "2004.01.01"]

1. d4 Nf6 2. Nf3 g6 3. g3 Bg7 4. Bg2 O-O 5. O-O d5 6. c4 Nc6 7. b3 dxc4 8. bxc4
e5 9. d5 Na5 10. Qa4 e4 11. Qxa5 exf3 12. Bxf3 Nxd5 13. cxd5 Bxa1 14. Nc3 Bh3
15. Rd1 f6 16. Ba3 Bxc3 17. Qxc3 Rf7 18. Qb4 Rb8 19. Qh4 Bd7 20. Bb2 Qf8 21.
Qd4 a5 22. e4 Qb4 23. Qa7 Re8 24. Bd4 b6 25. Be3 f5 26. e5 Ba4 27. e6 Bxd1 28.
exf7+ Kxf7 29. Bxd1 Qe1+ 30. Kg2 Qxd1 31. Qxc7+ Re7 32. Qc6 Rxe3 33. fxe3 Qe2+
34. Kh3 Qg4+ 35. Kg2 Qe2+ 36. Kh3 Qg4+ 37. Kg2 Qe2+ 1/2-1/2

[Event "22. Copenhagen Open  (Politiken Cup)"]
[Site "Copenhagen"]
[Date "2000.07.17"]
[Round "1"]
[White "Manley, Christian"]
[Black "Henrichsen, Jens"]
[Result "1-0"]
[WhiteElo "1204"]
[BlackElo "2046"]
[PlyCount "135"]
[EventDate "2000.07.17"]
[EventType "swiss"]
[EventRounds "11"]
[EventCountry "DEN"]
[SourceDate "2004.01.01"]

1. d4 Nf6 2. c4 g6 3. Nc3 Bg7 4. Nf3 O-O 5. e3 d6 6. Be2 Nbd7 7. e4 e5 8. d5
Nc5 9. Bd3 a5 10. Be3 Qe7 11. Bxc5 dxc5 12. Qe2 Ne8 13. Qc2 Nd6 14. a4 c6 15.
h3 f5 16. Nd2 Bd7 17. f3 Qh4+ 18. Ke2 Qg5 19. Rhg1 Bh6 20. Rae1 Kh8 21. Kd1
cxd5 22. cxd5 Rfe8 23. Re2 Bg7 24. Ree1 f4 25. Nc4 Nc8 26. Qb3 b6 27. Nd2 Qe7
28. Nb5 Bxb5 29. Bxb5 Rd8 30. Bd3 Rb8 31. Ke2 Qf6 32. Rc1 Bf8 33. Nc4 Bd6 34.
Kd2 Na7 35. Na3 c4 36. Bxc4 Bc5 37. Rge1 Bb4+ 38. Ke2 Bxe1 39. Rxe1 Qd6 40. Nb5
Nxb5 41. Bxb5 Rbc8 42. Rd1 Qc5 43. Bc6 Kg7 44. Qa3 Qxa3 45. bxa3 Kf6 46. Rb1
Rb8 47. Rd1 Ke7 48. Kf2 Rd6 49. Rb1 g5 50. Rb3 h5 51. g4 hxg4 52. hxg4 Rh6 53.
Ke2 Rh2+ 54. Kd3 Rf2 55. Kc4 Re2 56. Kb5 Re3 57. Rb2 Rxf3 58. Rd2 Rb3+ 59. Ka6
Kd6 60. Rc2 Rc8 61. Kb7 Rc7+ 62. Ka6 f3 63. Rf2 Rf7 64. Bb5 Kc5 65. d6 Rxa3 66.
d7 Rf8 67. Rc2+ Kd4 68. Rc8 1-0

[Event "22. Copenhagen Open  (Politiken Cup)"]
[Site "Copenhagen"]
[Date "2000.07.17"]
[Round "1"]
[White "Matthiesen, Martin"]
[Black "Damgaard, Sven"]
[Result "1-0"]
[WhiteElo "2300"]
[BlackElo "1887"]
[PlyCount "61"]
[EventDate "2000.07.17"]
[EventType "swiss"]
[EventRounds "11"]
[EventCountry "DEN"]
[SourceDate "2004.01.01"]

1. d4 Nf6 2. Nf3 g6 3. c4 Bg7 4. Nc3 d6 5. e4 c5 6. d5 O-O 7. Be2 Nbd7 8. O-O
Ne8 9. Be3 f5 10. exf5 gxf5 11. Qd2 Ne5 12. Bh6 Bxh6 13. Qxh6 Rf6 14. Qd2 Nxf3+
15. Bxf3 Rg6 16. Ne2 Nf6 17. Nf4 Rg7 18. h3 Qe8 19. a4 Bd7 20. Rfe1 Rb8 21. b4
cxb4 22. Qxb4 Qc8 23. a5 Kf7 24. Qc3 Qh8 25. Qe3 Re8 26. Nh5 Rg6 27. Nf4 Rgg8
28. Qxa7 Bc8 29. c5 dxc5 30. Qxc5 Ne4 31. Qe3 1-0

[Event "22. Copenhagen Open  (Politiken Cup)"]
[Site "Copenhagen"]
[Date "2000.07.17"]
[Round "1"]
[White "Mittelmann, Gur"]
[Black "Keeling, Geoff"]
[Result "1-0"]
[WhiteElo "2419"]
[BlackElo "2073"]
[PlyCount "69"]
[EventDate "2000.07.17"]
[EventType "swiss"]
[EventRounds "11"]
[EventCountry "DEN"]
[SourceDate "2004.01.01"]

1. d4 d5 2. c4 Nc6 3. Nf3 Bg4 4. Nc3 e6 5. Bg5 Be7 6. Bxe7 Ngxe7 7. e3 O-O 8.
cxd5 exd5 9. Be2 Qd6 10. O-O a6 11. Rc1 Kh8 12. h3 Bh5 13. a3 f5 14. b4 b5 15.
Ne1 Bxe2 16. Nxe2 Nd8 17. Nd3 Ne6 18. Rc3 g5 19. f4 Ng6 20. Ne5 gxf4 21. Rc6
Qe7 22. Nxf4 Ngxf4 23. exf4 Rf6 24. Qe1 Rh6 25. Nf3 Qd7 26. Qe5+ Kg8 27. Rfc1
Rg6 28. Nh4 Rh6 29. Nxf5 Rg6 30. Rxc7 Nxc7 31. Rxc7 Qe6 32. Ne7+ Kf8 33. Nxg6+
Qxg6 34. Qh8+ Qg8 35. Qf6+ 1-0

[Event "22. Copenhagen Open  (Politiken Cup)"]
[Site "Copenhagen"]
[Date "2000.07.17"]
[Round "1"]
[White "Mortensen, Henrik"]
[Black "Hau, Helge"]
[Result "1-0"]
[WhiteElo "2089"]
[BlackElo "1427"]
[PlyCount "27"]
[EventDate "2000.07.17"]
[EventType "swiss"]
[EventRounds "11"]
[EventCountry "DEN"]
[SourceDate "2004.01.01"]

1. e4 e6 2. d4 d5 3. Nd2 Nf6 4. e5 Nfd7 5. c3 a6 6. f4 c5 7. Bd3 cxd4 8. cxd4
Nc6 9. Ndf3 Bb4+ 10. Kf2 O-O {[#]} 11. Bxh7+ Kxh7 12. Ng5+ Kh6 13. Qd3 g6 14.
Qh3+ 1-0

[Event "22. Copenhagen Open  (Politiken Cup)"]
[Site "Copenhagen"]
[Date "2000.07.17"]
[Round "1"]
[White "Maechel, Michael"]
[Black "Lonborg, Morten"]
[Result "0-1"]
[WhiteElo "1611"]
[BlackElo "2166"]
[PlyCount "98"]
[EventDate "2000.07.17"]
[EventType "swiss"]
[EventRounds "11"]
[EventCountry "DEN"]
[SourceDate "2004.01.01"]

1. e4 c5 2. Nf3 e6 3. d4 cxd4 4. Nxd4 Nf6 5. Bd3 a6 6. O-O d6 7. Nc3 Be7 8. Be3
O-O 9. h3 Qc7 10. f4 b5 11. a3 Bb7 12. Qe2 $11 Nc6 13. Nxc6 Bxc6 14. f5 e5 15.
Qf3 $11 Rad8 16. Qg3 $11 Qb7 17. Bh6 g6 18. Bxf8 Rxf8 19. fxg6 hxg6 20. Rae1
Nh5 21. Qg4 Bd7 22. Qf3 Bh4 23. Nd5 Bxe1 24. Rxe1 Be6 25. Nf6+ $11 Nxf6 26.
Qxf6 Qb6+ 27. Kh2 Qd8 28. Qxd8 Rxd8 29. a4 $11 bxa4 30. Bxa6 Rb8 31. Ra1 Rxb2
32. c4 Rb4 33. Bb5 Bxc4 34. Rxa4 Rxa4 35. Bxa4 f5 36. Bc6 Kg7 37. Kg3 Bd3 38.
Kf3 Bxe4+ 39. Bxe4 fxe4+ 40. Kxe4 Kh6 41. g3 Kg5 42. Ke3 Kf5 43. Kf3 e4+ 44.
Ke3 Ke5 45. g4 d5 46. h4 d4+ 47. Ke2 Kf4 48. h5 gxh5 49. gxh5 Kg5 0-1

[Event "22. Copenhagen Open  (Politiken Cup)"]
[Site "Copenhagen"]
[Date "2000.07.17"]
[Round "1"]
[White "Nicolaisen, Erik"]
[Black "Nedergaard, Klaus"]
[Result "1-0"]
[WhiteElo "2035"]
[BlackElo "1012"]
[PlyCount "41"]
[EventDate "2000.07.17"]
[EventType "swiss"]
[EventRounds "11"]
[EventCountry "DEN"]
[SourceDate "2004.01.01"]

1. e4 c5 2. c3 Nf6 3. e5 Nd5 4. d4 cxd4 5. Bc4 Nb6 6. Bb3 d6 7. exd6 Qxd6 8.
Nf3 Nc6 9. O-O e6 10. cxd4 Be7 11. Nc3 O-O 12. Be3 Qd8 13. Qe2 Bf6 14. Rad1 Ne7
15. Ne4 Nbd5 16. Nxf6+ Nxf6 17. Bg5 Ned5 18. Ne5 Qe7 19. Ng4 b6 20. Bxd5 Rb8
21. Nxf6+ 1-0

[Event "22. Copenhagen Open  (Politiken Cup)"]
[Site "Copenhagen"]
[Date "2000.07.17"]
[Round "1"]
[White "Nielsen, Anders Bodholt"]
[Black "Brynell, Stellan"]
[Result "0-1"]
[WhiteElo "2055"]
[BlackElo "2484"]
[PlyCount "86"]
[EventDate "2000.07.17"]
[EventType "swiss"]
[EventRounds "11"]
[EventCountry "DEN"]
[SourceDate "2004.01.01"]

1. d4 e6 2. Nf3 Nf6 3. c4 b6 4. g3 Ba6 5. Qc2 c5 6. Bg2 Nc6 7. dxc5 Bxc5 8. a3
Be7 9. b4 Bb7 10. O-O O-O 11. Bb2 h6 12. Nbd2 Rc8 13. Qb3 Qc7 14. Rac1 d6 15.
Rfd1 Rfd8 16. Ne1 Qb8 17. Ne4 Ne8 18. Nd3 Qa8 19. f3 Nb8 20. Nc3 Nd7 21. e4
Nef6 22. Nb5 Qb8 23. Re1 Ne8 24. Kh1 a6 25. Nd4 h5 26. f4 Nef6 27. Nf2 Qa8 28.
Re2 Re8 29. h3 Bf8 30. Nc2 Rc7 31. Ne1 Rec8 32. Ned3 b5 33. cxb5 axb5 34. Rxc7
Rxc7 35. Bd4 Rc4 36. Qb2 Be7 37. Kh2 Bd8 38. g4 hxg4 39. hxg4 Bb6 40. Bxb6 Nxb6
41. e5 Bxg2 42. exf6 Bf1 43. Nh3 Qf3 0-1

[Event "22. Copenhagen Open  (Politiken Cup)"]
[Site "Copenhagen"]
[Date "2000.07.17"]
[Round "1"]
[White "Nielsen, Dagh"]
[Black "Nielsen, Borge Hjerrild"]
[Result "1-0"]
[WhiteElo "1576"]
[BlackElo "2153"]
[PlyCount "59"]
[EventDate "2000.07.17"]
[EventType "swiss"]
[EventRounds "11"]
[EventCountry "DEN"]
[SourceDate "2004.01.01"]

1. e4 c6 2. d4 d5 3. exd5 cxd5 4. c4 Nf6 5. Nc3 e6 6. Nf3 Be7 7. Bd3 dxc4 8.
Bxc4 O-O 9. O-O Nc6 10. Bg5 Nb4 11. Re1 Nbd5 12. Qd3 Nxc3 13. bxc3 Qc7 14. Bb3
b6 15. h4 Rd8 16. Ne5 Bd7 17. Bc2 h6 18. Bxf6 Bxf6 19. Re3 Kf8 20. Rae1 Be8 21.
Qh7 Rd6 22. Qh8+ Ke7 23. Qg8 Rb8 {#} 24. Ng6+ fxg6 25. Rxe6+ Rxe6 26. Rxe6+ Kd7
27. Ba4+ Kc8 28. Rxe8+ Bd8 29. Qe6+ Kb7 30. Qd5+ 1-0